[Event "1.Open A Del Santo A"]
[Site "Padova"]
[Date "2014.02.15"]
[Round "4.6"]
[White "Sbarra, Marco"]
[Black "Gallo, Enrico"]
[Result "1-0"]
[WhiteElo "2261"]
[BlackElo "2112"]
[Annotator "Gabriele Ballarin"]
[PlyCount "103"]
[EventDate "2014.02.14"]
[EventType "swiss"]
[EventRounds "5"]
[EventCountry "ITA"]

1. d4 Nf6 2. c4 c5 3. d5 e6 4. Nc3 exd5 5. cxd5 d6 6. e4 a6 7. h3 b5 8. Bd3 Nbd7 9. Nf3 Be7 10. O-O O-O 11. Re1 Bb7 12. Ne2 Re8 13. Ng3 Bf8 14. Nf5 c4 15. Bc2 Nc5 16. Ng3 g6 17. Bg5 h6 18. Bd2 Bg7 19. Qc1 Kh7 20. Bc3 Qb8 21. Qf4 Ncd7 22. Rad1 Ne5 23. Nd4 b4 24. Bxb4 Bxd5 25. Bc3 Bb7 26. Qd2 Qa7 27. Kh2 Rad8 28. f4 Ned7 29. b4 Qa8 30. Qe2 Nd5 31. Qf3 Nxc3 32. Qxc3 Qc8 33. Qa3 Qc7 34. Nde2 Nf8 35. f5 Be5 36. Qf3 Kg8 37. Kh1 d5 38. fxg6 Nxg6 39. exd5 Bxg3 40. Nxg3 Rxe1+ 41. Rxe1 Bxd5 42. Qf6 Rd6 43. Re8+ Nf8 44. Qf5 Bxg2+ 45. Kxg2 Qc6+ 46. Re4 Ng6 47. Kh2 Rf6 48. Re8+ Kg7 49. Qe4 Qd6 50. Qe3 Nh4 51. Be4 Qxb4 52. Nf5+ 1-0

[Event "1.Open A Del Santo A"]
[Site "Padova"]
[Date "2014.02.15"]
[Round "4.7"]
[White "Caldonazzo, Matteo"]
[Black "Santolini, Luigi"]
[Result "1/2-1/2"]
[WhiteElo "1940"]
[BlackElo "2123"]
[Annotator "Gabriele Ballarin"]
[PlyCount "88"]
[EventDate "2014.02.14"]
[EventType "swiss"]
[EventRounds "5"]
[EventCountry "ITA"]

1. Nf3 Nf6 2. d4 e6 3. e3 c5 4. Bd3 b6 5. Qe2 Bb7 6. b3 Be7 7. O-O O-O 8. Nbd2 Nc6 9. a3 Qc7 10. Bb2 d6 11. c4 Rfe8 12. Rad1 Rad8 13. e4 cxd4 14. Nxd4 Nxd4 15. Bxd4 d5 16. cxd5 exd5 17. Bb5 Bc6 18. Rc1 Bxb5 19. Qxb5 Qf4 20. Be3 Qb8 21. e5 Qxe5 22. Nf3 Qb8 23. b4 Ng4 24. Bd4 Bf6 25. Bxf6 Nxf6 26. Rfd1 Rc8 27. h3 h6 28. Nd4 Rxc1 29. Rxc1 Qf4 30. Rd1 Rd8 31. Nc6 Rd7 32. Nd4 Rc7 33. Qd3 Rc4 34. Ne2 Qc7 35. Nd4 Rc3 36. Qa6 Rc1 37. Qd3 a6 38. Rxc1 Qxc1+ 39. Kh2 Qc4 40. Qe3 Qc7+ 41. Kg1 Ne4 42. Ne2 Nd6 43. Nf4 Qc4 44. Qe5 Qc1+ {=} 1/2-1/2

[Event "1.Open A Del Santo A"]
[Site "Padova"]
[Date "2014.02.15"]
[Round "4.8"]
[White "Viaggi, Stefano"]
[Black "De Napoli, Giuseppe"]
[Result "1-0"]
[WhiteElo "2062"]
[BlackElo "2003"]
[Annotator "Gabriele Ballarin"]
[PlyCount "61"]
[EventDate "2014.02.14"]
[EventType "swiss"]
[EventRounds "5"]
[EventCountry "ITA"]

1. d4 d6 2. Nf3 g6 3. e4 Bg7 4. c4 Nf6 5. Nc3 O-O 6. Be2 e5 7. Be3 Nc6 8. d5 Ne7 9. c5 Ne8 10. Nd2 f5 11. f3 f4 12. Bf2 g5 13. Nc4 Ng6 14. Qb3 Rf7 15. cxd6 cxd6 16. Nb5 a6 17. Nb6 axb5 18. Nxa8 Qa5+ 19. Qc3 Qxa8 20. Bxb5 Bd7 21. Bxd7 Rxd7 22. O-O Bf8 23. Rfc1 Rc7 24. Qb3 Rxc1+ 25. Rxc1 Nf6 26. a4 g4 27. Rc7 gxf3 28. gxf3 Qd8 29. Qxb7 Qe8 30. Qc6 Qb8 31. Rb7 1-0

[Event "1.Open A Del Santo A"]
[Site "Padova"]
[Date "2014.02.15"]
[Round "4.9"]
[White "Simonetto, Adriano"]
[Black "Altieri, Danilo Mario"]
[Result "1-0"]
[WhiteElo "2055"]
[BlackElo "1978"]
[Annotator "Gabriele Ballarin"]
[PlyCount "51"]
[EventDate "2014.02.14"]
[EventType "swiss"]
[EventRounds "5"]
[EventCountry "ITA"]

1. d4 d5 2. c4 e6 3. Nc3 f5 4. g3 c6 5. Bg2 Nf6 6. Nf3 Bd6 7. O-O Nbd7 8. b3 O-O 9. Bb2 Ne4 10. Nd2 Qf6 11. Ndxe4 fxe4 12. f3 exf3 13. Rxf3 Qe7 14. e4 dxe4 15. Nxe4 Nf6 16. Nxd6 Qxd6 17. a4 Rd8 18. Qe2 c5 19. d5 exd5 20. Rxf6 gxf6 21. Bxd5+ Kf8 22. Qh5 Be6 23. Qh6+ Ke7 24. Re1 Rf8 25. Qxh7+ Rf7 26. Qf5 1-0

[Event "1.Open A Del Santo A"]
[Site "Padova"]
[Date "2014.02.15"]
[Round "4.10"]
[White "Barp, Alberto"]
[Black "Baruzzo, Fabio"]
[Result "1-0"]
[WhiteElo "2005"]
[BlackElo "1912"]
[Annotator "Gabriele Ballarin"]
[PlyCount "57"]
[EventDate "2014.02.14"]
[EventType "swiss"]
[EventRounds "5"]
[EventCountry "ITA"]

1. d4 f5 2. e4 fxe4 3. Nc3 Nf6 4. Bg5 d6 5. Bxf6 exf6 6. Nxe4 Bf5 7. Ng3 Bg6 8. Qf3 c6 9. O-O-O Be7 10. h4 Qa5 11. a3 Nd7 12. h5 Bf7 13. Nf5 g6 14. hxg6 Bxg6 15. Bd3 Bxf5 16. Qh5+ Kd8 17. Bxf5 Kc7 18. Nh3 Rad8 19. Nf4 Kb8 20. Rhe1 Bf8 21. g4 d5 22. Ne6 Bxa3 23. Nxd8 Bxb2+ 24. Kxb2 Nb6 25. Nxc6+ bxc6 26. Re8+ Kb7 27. Qf7+ Ka6 28. Bd3+ Nc4+ 29. Bxc4+ 1-0

[Event "1.Open A Del Santo A"]
[Site "Padova"]
[Date "2014.02.15"]
[Round "4.11"]
[White "Franco, Alessandro P"]
[Black "Zanchetta, Nicola"]
[Result "0-1"]
[WhiteElo "1889"]
[BlackElo "1908"]
[Annotator "Gabriele Ballarin"]
[PlyCount "126"]
[EventDate "2014.02.14"]
[EventType "swiss"]
[EventRounds "5"]
[EventCountry "ITA"]

1. e4 c5 2. Nf3 e6 3. c3 Nc6 4. d4 cxd4 5. cxd4 d5 6. e5 Qb6 7. a3 Bd7 8. b4 Rc8 9. Bb2 Nh6 10. Be2 Be7 11. Nbd2 Nf5 12. Nb3 Nb8 13. g4 Nh4 14. Nxh4 Bxh4 15. Rc1 O-O 16. Rc5 Ba4 17. Bd3 Be7 18. Bc2 Bxc5 19. dxc5 Qa6 20. Rg1 Qc4 21. Rg3 Bxb3 22. Rxb3 Qf4 23. g5 g6 24. Rg3 b6 25. Bc1 Qxe5+ 26. Re3 Qxh2 27. Qg4 Qh1+ 28. Kd2 h5 29. gxh6 Qxh6 30. Bb2 bxc5 31. Kd1 f5 32. Qg2 Qh5+ 33. Ke1 g5 34. Rh3 Qg6 35. Qh2 d4 36. bxc5 Nc6 37. Bb3 f4 38. Kd2 Kg7 39. Bc2 Rf5 40. Qh1 g4 41. Rb3 Rc7 42. Be4 f3 43. Bxc6 Rxc6 44. Bxd4+ e5 45. Rb7+ Kg8 46. Rb8+ Rf8 47. Rxf8+ Kxf8 48. Qh8+ Qg8 49. Qxe5 Qa2+ 50. Kd1 Qe6 51. Qb8+ Kf7 52. Qxa7+ Qe7 53. Qxe7+ Kxe7 54. Kd2 Ke6 55. Kc3 Kd5 56. Be3 Re6 57. Kd3 Re4 58. c6 Rc4 59. Bg5 Rxc6 60. Ke3 Rc2 61. Bh4 Ke5 62. Bg3+ Kf5 63. Bd6 Re2+ 0-1

[Event "1.Open A Del Santo A"]
[Site "Padova"]
[Date "2014.02.16"]
[Round "5.1"]
[White "Collutiis, Duilio"]
[Black "Solomon, Kenny"]
[Result "1/2-1/2"]
[WhiteElo "2474"]
[BlackElo "2215"]
[Annotator "Gabriele Ballarin"]
[PlyCount "25"]
[EventDate "2014.02.14"]
[EventType "swiss"]
[EventRounds "5"]
[EventCountry "ITA"]

1. Nf3 Nf6 2. g3 d5 3. Bg2 c6 4. c4 Bg4 5. Ne5 Be6 6. cxd5 Bxd5 7. Nf3 c5 8. Nc3 Bc6 9. O-O e6 10. d3 Be7 11. e4 O-O 12. Qe2 Nbd7 13. Rd1 1/2-1/2

[Event "1.Open A Del Santo A"]
[Site "Padova"]
[Date "2014.02.16"]
[Round "5.2"]
[White "Del Monaco, Andrea"]
[Black "Patelli, Alessandro"]
[Result "1-0"]
[WhiteElo "2297"]
[BlackElo "2216"]
[Annotator "Gabriele Ballarin"]
[PlyCount "75"]
[EventDate "2014.02.14"]
[EventType "swiss"]
[EventRounds "5"]
[EventCountry "ITA"]

1. Nf3 Nf6 2. c4 e6 3. g3 d5 4. Bg2 dxc4 5. Qa4+ Bd7 6. Qxc4 Bc6 7. O-O Nbd7 8. b3 Be7 9. Bb2 Bd5 10. Qc2 c5 11. Nc3 Bc6 12. d3 O-O 13. e4 Rc8 14. Rfe1 b5 15. a4 a6 16. h3 Qb6 17. Ra2 Rb8 18. Nd2 Qb7 19. Rea1 Ra8 20. Nd1 Rfc8 21. Ne3 Ne8 22. f4 Qb6 23. Kh2 c4 24. axb5 axb5 25. d4 Rxa2 26. Rxa2 cxb3 27. Qxb3 Ra8 28. Rxa8 Bxa8 29. f5 Bg5 30. Nf3 Bxe3 {=} 31. Qxe3 Nd6 32. fxe6 fxe6 33. Nd2 Nc4 34. Nxc4 bxc4 35. Qa3 Bb7 36. Bc3 Nf6 37. Qe7 Qc6 38. d5 1-0

[Event "1.Open A Del Santo A"]
[Site "Padova"]
[Date "2014.02.16"]
[Round "5.4"]
[White "Zamengo, Fulvio"]
[Black "Sbarra, Marco"]
[Result "0-1"]
[WhiteElo "2149"]
[BlackElo "2261"]
[Annotator "Gabriele Ballarin"]
[PlyCount "108"]
[EventDate "2014.02.14"]
[EventType "swiss"]
[EventRounds "5"]
[EventCountry "ITA"]

1. e4 e5 2. Nf3 Nc6 3. Bb5 a6 4. Ba4 Nf6 5. O-O Be7 6. d3 d6 7. Nc3 b5 8. Bb3 Na5 9. h3 O-O 10. Nh2 Nxb3 11. axb3 b4 12. Ne2 d5 13. Ng3 Bb7 14. Ng4 Re8 15. Nxf6+ Bxf6 16. Be3 g6 17. Ra4 Be7 18. Qg4 {=} Bc8 19. Qf3 Bd7 20. Ra5 dxe4 21. dxe4 Bb5 22. Rd1 Qc8 23. Bh6 Qe6 24. Raa1 c5 25. Nf1 Bxf1 26. Kxf1 g5 27. Qh5 Qg6 28. Qxg6+ hxg6 29. h4 gxh4 30. Be3 Rec8 31. Rd7 Bf8 32. Ra5 c4 33. Rxe5 cxb3 34. cxb3 Rc2 35. Rd2 Rac8 36. Red5 Bg7 37. Rd8+ Rxd8 38. Rxd8+ Kh7 39. Bd4 Rd2 40. Bf6 Rc2 41. Bxh4 Rxb2 42. Rd7 Rxb3 43. Rxf7 Kg8 44. Ra7 Rb1+ 45. Ke2 b3 46. Ra8+ Kh7 47. e5 b2 48. Rb8 Bxe5 49. Rb7+ Kg8 50. f4 Bg7 51. Rb8+ Kh7 52. Rb7 Rc1 53. Bf6 b1=Q 54. Rxg7+ Kh6 0-1

[Event "1.Open A Del Santo A"]
[Site "Padova"]
[Date "2014.02.16"]
[Round "5.5"]
[White "Santolini, Luigi"]
[Black "Simonetto, Adriano"]
[Result "1-0"]
[WhiteElo "2123"]
[BlackElo "2055"]
[Annotator "Gabriele Ballarin"]
[PlyCount "57"]
[EventDate "2014.02.14"]
[EventType "swiss"]
[EventRounds "5"]
[EventCountry "ITA"]

1. d4 d5 2. c4 e6 3. Nc3 c6 4. Nf3 Nf6 5. Bg5 h6 6. Bh4 dxc4 7. e4 g5 8. Bg3 b5 9. e5 Nd5 10. h4 Qa5 11. Rc1 g4 12. Nd2 Nxc3 13. bxc3 h5 14. Qc2 Nd7 15. Be2 Bb7 16. f3 c5 17. O-O Bh6 18. Ne4 Bxc1 19. Nd6+ Ke7 20. Qxc1 Rhg8 21. Nxb7 Qxa2 22. Rf2 Qa6 23. Nd6 cxd4 24. cxd4 Raf8 25. fxg4 hxg4 26. h5 Qb6 27. Qf4 Kd8 28. h6 c3 29. Bxb5 1-0

[Event "1.Open A Del Santo A"]
[Site "Padova"]
[Date "2014.02.16"]
[Round "5.6"]
[White "Barp, Alberto"]
[Black "Lodici, Lorenzo"]
[Result "1/2-1/2"]
[WhiteElo "2005"]
[BlackElo "2122"]
[Annotator "Gabriele Ballarin"]
[PlyCount "116"]
[EventDate "2014.02.14"]
[EventType "swiss"]
[EventRounds "5"]
[EventCountry "ITA"]

1. d4 f5 2. c4 Nf6 3. Nc3 g6 4. Nf3 Bg7 5. g3 O-O 6. Bg2 d6 7. O-O c6 8. Re1 Qc7 9. d5 e5 10. dxe6 Na6 11. Bf4 Rd8 12. Ng5 Nc5 13. Nf7 Bxe6 14. Nxd8 Rxd8 15. Qd2 Bxc4 16. Rad1 Qf7 17. e4 fxe4 18. Nxe4 Nfxe4 19. Bxe4 Bxa2 20. Qb4 Nxe4 21. Qxe4 Bxb2 22. Rxd6 Rxd6 23. Bxd6 Bf6 24. Qg4 h5 25. Qc8+ Kh7 26. Re8 a5 27. Rf8 Qg7 28. Qa8 Bd5 29. Qxa5 b6 30. Qe1 Bc3 31. Qe7 Qxe7 32. Bxe7 Kg7 33. Rb8 Kf7 34. Ba3 b5 35. Bc5 Be4 36. f3 Bd5 37. Kf2 Ke6 38. Ke3 Bc4 39. Bd4 Bb4 40. Rc8 Kd7 41. Ra8 Be7 42. Ra7+ Ke6 43. Rxe7+ Kxe7 44. Bc5+ Ke6 45. Kd4 Be2 46. Bf8 Bxf3 47. Kc5 Bd5 48. h4 Kf5 49. Bd6 Ke6 50. Bf8 Bg2 51. Bh6 Kf5 52. Bf4 Bd5 53. Bd6 Ke4 54. Be7 Kd3 55. Kb4 Bh1 56. Bf8 Kd4 57. Bg7+ Ke4 58. Bf8 Bg2 1/2-1/2

[Event "1.Open A Del Santo A"]
[Site "Padova"]
[Date "2014.02.16"]
[Round "5.7"]
[White "Innocenti, Giovanni"]
[Black "Caldonazzo, Matteo"]
[Result "1-0"]
[WhiteElo "2083"]
[BlackElo "1940"]
[Annotator "Gabriele Ballarin"]
[PlyCount "121"]
[EventDate "2014.02.14"]
[EventType "swiss"]
[EventRounds "5"]
[EventCountry "ITA"]

1. e4 e6 2. d4 d5 3. Nd2 dxe4 4. Nxe4 Nf6 5. Nxf6+ Qxf6 6. Nf3 Qd8 7. Bd3 Nd7 8. Qe2 Be7 9. c3 c6 10. Bf4 Nf6 11. h3 Bd6 12. Ne5 Qc7 13. Bd2 Bxe5 14. dxe5 Nd7 15. f4 b6 16. O-O-O Bb7 17. Be1 h6 18. Bh4 g5 19. Bg3 O-O-O 20. fxg5 hxg5 21. Qe3 c5 22. Rd2 g4 23. Rf2 gxh3 24. Rxh3 c4 25. Bc2 Rxh3 26. gxh3 Nc5 27. Rd2 Ba6 28. Rd4 Nd3+ 29. Bxd3 cxd3 30. Kd2 Rxd4 31. Qxd4 Qc6 32. Qf2 Qe4 33. b3 Qe2+ 34. Qxe2 dxe2 35. h4 Kd7 36. h5 Ke7 37. h6 Kf8 38. a4 Bb7 39. Kxe2 Be4 40. b4 Bc2 41. a5 Kg8 42. axb6 axb6 43. c4 Be4 44. Bf2 b5 45. cxb5 f6 46. exf6 Kf7 47. Bh4 Kg6 48. Bg5 Bd5 49. b6 e5 50. h7 Kxh7 51. Kf2 Kg6 52. Ke3 Bb7 53. Kd3 Bd5 54. b5 Kf7 55. Kc3 Ke6 56. Kb4 Kf7 57. Kc5 Bb7 58. Kd6 Kg6 59. Kxe5 Bh1 60. Ke6 Bf3 61. f7 1-0

[Event "1.Open A Del Santo A"]
[Site "Padova"]
[Date "2014.02.16"]
[Round "5.8"]
[White "Zanchetta, Nicola"]
[Black "Viaggi, Stefano"]
[Result "0-1"]
[WhiteElo "1908"]
[BlackElo "2062"]
[Annotator "Gabriele Ballarin"]
[PlyCount "126"]
[EventDate "2014.02.14"]
[EventType "swiss"]
[EventRounds "5"]
[EventCountry "ITA"]

1. e4 g6 2. d4 Bg7 3. c4 d6 4. Nc3 Nf6 5. Be2 a6 6. Be3 c6 7. f4 b5 8. e5 Nfd7 9. Nf3 O-O 10. Qd2 bxc4 11. Bxc4 Nb6 12. Bd3 N8d7 13. O-O c5 14. dxc5 Nxc5 15. Bxc5 dxc5 16. Be4 Qxd2 17. Nxd2 Rb8 18. Rac1 Bf5 19. Bxf5 gxf5 20. Nb3 Rfc8 21. Ne2 c4 22. Nbd4 e6 23. b3 Bf8 24. h3 Ba3 25. Rc3 Bb2 26. Rg3+ Kf8 27. bxc4 Rxc4 28. Rd1 Nd5 29. Rgd3 Bxd4+ 30. Rxd4 Rxd4 31. Rxd4 Rb2 32. Ng3 Ne3 33. Nh5 Rxg2+ 34. Kh1 Rxa2 35. Rd7 Nd5 36. Nf6 Nxf4 37. Nxh7+ Kg7 38. Ng5 Kg6 39. Nxf7 Nxh3 40. Nd8 Ng5 41. Kg1 Nf3+ 42. Kf1 Nxe5 43. Rd6 f4 44. Nxe6 Kf5 45. Nc5 a5 46. Rd5 f3 47. Nd7 Ke6 48. Rxe5+ Kxd7 49. Rf5 f2 50. Rf6 Kc7 51. Re6 Kb7 52. Rd6 a4 53. Rh6 a3 54. Rh7+ Kb6 55. Rh6+ Kb5 56. Rh5+ Kc4 57. Rh4+ Kd3 58. Rh3+ Ke4 59. Rh8 Rb2 60. Rh4+ Kf5 61. Ra4 a2 62. Ra5+ Ke4 63. Ra4+ Kd5 0-1

[Event "1.Open A Del Santo A"]
[Site "Padova"]
[Date "2014.02.16"]
[Round "5.9"]
[White "Gallo, Enrico"]
[Black "De Napoli, Giuseppe"]
[Result "1-0"]
[WhiteElo "2112"]
[BlackElo "2003"]
[Annotator "Gabriele Ballarin"]
[PlyCount "71"]
[EventDate "2014.02.14"]
[EventType "swiss"]
[EventRounds "5"]
[EventCountry "ITA"]

1. e4 d5 2. exd5 Qxd5 3. Nc3 Qd6 4. d4 Nf6 5. Nf3 a6 6. h3 Bf5 7. Bc4 e6 8. O-O Nc6 9. Be3 Be7 10. a3 O-O 11. Qe2 Rfe8 12. Rad1 Nd5 13. Bxd5 exd5 14. Qd2 Bf6 15. Bf4 Qd7 16. Rfe1 Ne7 17. Be5 Bxe5 18. dxe5 Rad8 19. Nd4 c5 20. Nxf5 Qxf5 21. Ne4 Qxe5 22. Nxc5 Qxb2 23. Rb1 Qxa3 24. Nxb7 Rd7 25. Rb3 Qxb3 26. cxb3 Rxb7 27. Qxd5 Rbb8 28. Qd6 Ng6 29. Rxe8+ Rxe8 30. Qxa6 h6 31. Qd6 Re4 32. Kh2 Ne7 33. b4 g6 34. b5 Re2 35. b6 Rb2 36. Qxe7 1-0

[Event "1.Open A Del Santo A"]
[Site "Padova"]
[Date "2014.02.16"]
[Round "5.10"]
[White "Baruzzo, Fabio"]
[Black "Balzan, Alessandro"]
[Result "1-0"]
[WhiteElo "1912"]
[BlackElo "1707"]
[Annotator "Gabriele Ballarin"]
[PlyCount "69"]
[EventDate "2014.02.14"]
[EventType "swiss"]
[EventRounds "5"]
[EventCountry "ITA"]

1. c4 c5 2. Nc3 e6 3. e4 Nc6 4. g3 Nf6 5. Bg2 d6 6. Nge2 Be7 7. O-O O-O 8. d4 cxd4 9. Nxd4 Bd7 10. Ndb5 Ne8 11. Be3 a6 12. Nd4 Bf6 13. Nde2 Ne5 14. b3 Bc6 15. Nd4 Bd7 16. Rc1 Nc6 17. Nde2 Qe7 18. Na4 b5 19. Nb6 Rb8 20. c5 e5 21. cxd6 Qe6 22. Bc5 Bd8 23. Nxd7 Qxd7 24. f4 Bb6 25. fxe5 Bxc5+ 26. Rxc5 Qa7 27. Qc1 Nxe5 28. b4 Nd3 29. Qc3 Nxc5 30. Qxc5 Qd7 31. e5 Rc8 32. Qd5 Rc2 33. Nf4 g5 34. Nh5 Ng7 35. Nf6+ 1-0

[Event "1.Open B Del Santo"]
[Site "Padova"]
[Date "2014.02.14"]
[Round "1"]
[White "Renier, Renzo"]
[Black "Benedetti, Maurizio"]
[Result "1-0"]
[WhiteElo "1970"]
[BlackElo "1725"]
[Annotator "Gabriele Ballarin"]
[PlyCount "45"]
[EventDate "2014.02.14"]
[EventType "swiss"]
[EventRounds "5"]
[EventCountry "ITA"]
[TimeControl "6000+30"]

{590MB, Fritz11.ctg, PC-PC} 1. e4 c5 2. Nf3 d6 3. d4 cxd4 4. Nxd4 Nc6 5. Bc4 Nf6 6. Nc3 e6 7. Be3 Be7 8. Bb3 Bd7 9. Qe2 Nxd4 10. Bxd4 Bc6 11. O-O-O a6 12. f4 b5 13. Bxf6 gxf6 14. Qh5 Qd7 15. f5 Kf8 16. fxe6 fxe6 17. e5 d5 18. exf6 Bxf6 19. Ne4 Bxb2+ (19... Be7 20. Rhf1+) (19... Bg7 20. Rhf1+ Kg8 21. Nf6+ Bxf6 22. Rxf6 Qg7 23. Rxe6) 20. Kxb2 Qg7+ 21. Kb1 dxe4 22. Rhf1+ Ke7 23. Qc5+ 1-0

[Event "1.Open B Del Santo"]
[Site "Padova"]
[Date "2014.02.15"]
[Round "2"]
[White "Belloni, Umberto"]
[Black "Renier, Renzo"]
[Result "0-1"]
[WhiteElo "1775"]
[BlackElo "1970"]
[Annotator "Gabriele Ballarin"]
[PlyCount "108"]
[EventDate "2014.02.14"]
[EventType "swiss"]
[EventRounds "5"]
[EventCountry "ITA"]
[TimeControl "6000+30"]

{590MB, Fritz11.ctg, PC-PC} 1. d4 d5 2. c3 Bf5 3. Qb3 b6 4. Bf4 e6 5. e3 Bd6 6. Bxd6 Qxd6 7. Nf3 Nd7 8. Nh4 Bxb1 9. Rxb1 Ngf6 10. Be2 O-O 11. O-O c5 12. f4 Ne4 13. Qd1 f5 14. Nf3 c4 15. Nd2 Ndf6 16. Nxe4 Nxe4 17. Bf3 Nf6 18. g4 fxg4 19. Bxg4 Nxg4 20. Qxg4 Rf5 21. Qe2 Raf8 22. Rf2 Qe7 23. Rbf1 Qh4 24. Rg2 R8f6 25. Rff2 Rg6 26. Rxg6 hxg6 27. Rg2 g5 28. Qf2 Qxf2+ 29. Rxf2 gxf4 30. exf4 Kf7 31. Kg2 Kf6 32. Kg3 Rh5 33. Kg4 Rh6 34. f5 exf5+ 35. Rxf5+ Ke6 36. Rf2 Rg6+ 37. Kh5 Rg1 38. h4 Rg3 39. Re2+ Kf6 40. Re5 $2 (40. Rf2+ Ke6 41. Re2+) 40... g6+ 41. Kh6 Rh3 42. Kh7 (42. h5 Rxh5+ 43. Rxh5 gxh5 44. Kxh5 Kf5 45. Kh6 Ke4 46. Kg6 Kd3 47. Kf5 Kc2 48. Ke5 Kxb2 49. Kxd5 Kxc3 50. Ke5 Kb2 51. d5 c3 52. d6 c2 53. d7 c1=Q 54. d8=Q Qc3+ 55. Kf5 Kxa2) 42... Rxh4+ 43. Kg8 Rh5 44. Re2 g5 45. Rf2+ Kg6 46. Rg2 Rh4 47. Kf8 Re4 48. b3 cxb3 49. axb3 g4 50. Ra2 a5 51. Rb2 Kg5 52. b4 g3 53. bxa5 bxa5 54. Rb5 g2 0-1

[Event "1.Open B Del Santo"]
[Site "Padova"]
[Date "2014.02.15"]
[Round "3"]
[White "Renier, Renzo"]
[Black "Sonis, Francesco"]
[Result "0-1"]
[WhiteElo "1970"]
[BlackElo "1943"]
[Annotator "Gabriele Ballarin"]
[PlyCount "88"]
[EventDate "2014.02.14"]
[EventType "swiss"]
[EventRounds "5"]
[EventCountry "ITA"]
[TimeControl "6000+30"]

{590MB, Fritz11.ctg, PC-PC} 1. e4 c5 2. Nf3 d6 3. d4 cxd4 4. Nxd4 Nf6 5. Nc3 a6 6. Bc4 e6 7. Bb3 Nbd7 8. Be3 Nc5 9. f3 Be7 10. Qe2 Qc7 11. O-O-O b5 12. g4 O-O 13. g5 Nfd7 14. f4 b4 15. Nd5 Nxb3+ 16. axb3 exd5 17. Nf5 Nc5 18. Bxc5 dxc5 19. Nxe7+ Qxe7 20. Rxd5 Bb7 21. Re5 Qc7 22. Qc4 Rac8 23. Rg1 Rfe8 24. Rxe8+ Rxe8 25. e5 Qc6 26. Rd1 Rc8 27. h4 Qe4 28. Qxe4 Bxe4 29. Rd6 Bc6 30. Kd2 g6 31. Kd3 Kf8 32. Kc4 Bb5+ 33. Kd5 c4 34. Rf6 cxb3 35. cxb3 Ke7 36. h5 Rc2 37. f5 gxf5 38. g6 hxg6 39. hxg6 Rd2+ 40. Kc5 fxg6 41. Rxg6 Rxb2 42. Rf6 Rxb3 43. Rxf5 Be8 44. Kc4 Bf7+ 0-1

[Event "1.Open B Del Santo"]
[Site "Padova"]
[Date "2014.02.16"]
[Round "4"]
[White "Chirilov, Marius Giorgian"]
[Black "Renier, Renzo"]
[Result "1-0"]
[WhiteElo "1767"]
[BlackElo "1970"]
[Annotator "Gabriele Ballarin"]
[PlyCount "61"]
[EventDate "2014.02.14"]
[EventType "swiss"]
[EventRounds "5"]
[EventCountry "ITA"]
[TimeControl "6000+30"]

{590MB, Fritz11.ctg, PC-PC} 1. d4 d5 2. c4 dxc4 3. Nc3 c5 4. d5 e6 5. e4 a6 6. a4 exd5 7. exd5 Bd6 8. Bxc4 Nf6 9. Nf3 O-O 10. O-O Bg4 11. Bg5 Re8 12. h3 Bh5 13. g4 Bg6 14. Bd3 Nbd7 15. Bxg6 hxg6 16. Re1 Qc7 17. Qd2 Rxe1+ 18. Rxe1 Re8 19. Rxe8+ Nxe8 20. Bh4 Ne5 21. Nxe5 Bxe5 22. Kg2 Nf6 23. Bxf6 gxf6 24. Ne4 Bd4 25. d6 Qd8 26. b3 Kg7 27. h4 f5 28. gxf5 Qxh4 29. f6+ Kf8 $2 (29... Bxf6 30. Nxf6 Kxf6 31. d7 Qg4+ 32. Kf1 Qh3+ 33. Ke2 Qe6+ 34. Kd1 Qxb3+ 35. Kc1 Qa3+ 36. Kb1 Qb3+) 30. d7 Qxe4+ 31. f3 1-0

[Event "1.Open B Del Santo"]
[Site "Padova"]
[Date "2014.02.16"]
[Round "5"]
[White "Renier, Renzo"]
[Black "Simonetto, Alessio"]
[Result "1-0"]
[WhiteElo "1970"]
[BlackElo "1690"]
[Annotator "Gabriele Ballarin"]
[PlyCount "61"]
[EventDate "2014.02.14"]
[EventType "swiss"]
[EventRounds "5"]
[EventCountry "ITA"]
[TimeControl "6000+30"]

{590MB, Fritz11.ctg, PC-PC} 1. e4 e5 2. Nf3 Nc6 3. Bb5 a6 4. Ba4 d6 5. O-O Nf6 6. Re1 Be7 7. c3 b5 8. Bc2 O-O 9. h3 h6 10. d4 Nh7 11. Be3 f5 12. Bb3+ Kh8 13. Bd5 Bd7 14. dxe5 fxe4 15. Bxe4 dxe5 16. Bxc6 Bxc6 17. Nxe5 Be4 18. Nd2 Bf5 19. Nc6 Qd6 20. Nxe7 Qxe7 21. Bxh6 Qh4 22. Be3 Rad8 23. Nf3 Qh5 24. Nd4 Qg6 25. Qe2 (25. Qf3) 25... Bxh3 26. g3 c5 27. Nf3 Rxf3 28. Qxf3 Rf8 29. Qd5 Rf5 30. Qd8+ Nf8 31. Bxc5 1-0

[Event "74.Camp. Veneto Quarti di Finale"]
[Site "Correzzola (PD)"]
[Date "2014.05.09"]
[Round "1.1"]
[White "Desideri, Alessandro"]
[Black "Valsecchi, Alessio"]
[Result "0-1"]
[WhiteElo "1821"]
[BlackElo "2404"]
[Annotator "Gabriele Ballarin"]
[PlyCount "132"]
[EventDate "2014.05.09"]
[EventType "swiss"]
[EventRounds "5"]
[EventCountry "ITA"]

1. e4 e6 2. d3 c5 3. Nf3 Nc6 4. g3 d6 5. Bg2 g6 6. O-O Bg7 7. c3 Nge7 8. Re1 e5 9. a3 O-O 10. b4 b6 11. b5 Na5 12. c4 h6 13. Ra2 Be6 14. Nbd2 Qd7 15. Nf1 f5 16. exf5 gxf5 17. Nh4 Rad8 18. Rae2 Rf7 19. Ne3 f4 20. Nd5 Bxd5 21. cxd5 Rdf8 22. Be4 Qxb5 23. Rb2 Qd7 24. Qh5 fxg3 25. hxg3 Rf6 26. Bg5 Qe8 27. Qxe8 Rxe8 28. Bxf6 Bxf6 29. Nf5 Nxf5 30. Bxf5 Rf8 31. Be4 $11 Kg7 32. Kg2 Bg5 33. a4 Rf7 34. Reb1 Rc7 35. Re2 c4 36. dxc4 Rxc4 37. Bd3 Rd4 38. Be4 Rxa4 39. f4 exf4 40. gxf4 Bxf4 41. Rf1 Bg5 42. Bf3 Nc4 43. Kh1 Ne3 44. Rc1 Kf6 45. Rce1 Ra3 46. Bh5 Ke5 47. Bf7 b5 48. Rf2 Bh4 49. Rxe3+ Rxe3 50. Ra2 Rh3+ 51. Kg2 Rg3+ 52. Kh2 Rg7 53. Be8 b4 54. Bc6 Kd4 55. Kh3 Be1 56. Ra1 Bc3 57. Rd1+ Kc4 58. Rf1 b3 59. Rf4+ Bd4 60. Ba4 Rb7 61. Rf1 Rb4 62. Rc1+ Bc3 63. Be8 b2 64. Rb1 a5 65. Bh5 a4 66. Be2+ Kc5 0-1

[Event "74.Camp. Veneto Quarti di Finale"]
[Site "Correzzola (PD)"]
[Date "2014.05.10"]
[Round "1.2"]
[White "Bonafede, Alessandro"]
[Black "Quaranta, Gaetano"]
[Result "1-0"]
[WhiteElo "2375"]
[BlackElo "1818"]
[Annotator "Gabriele Ballarin"]
[PlyCount "47"]
[EventDate "2014.05.09"]
[EventType "swiss"]
[EventRounds "5"]
[EventCountry "ITA"]

1. e4 d5 2. exd5 Qxd5 3. Nc3 Qa5 4. d4 Nf6 5. Nf3 Bf5 6. Ne5 c6 7. g4 Bg6 8. h4 Nbd7 9. Nc4 Qc7 10. h5 Be4 11. Nxe4 Nxe4 12. Qf3 Nef6 13. Bf4 Qd8 14. O-O-O Nd5 15. Bg3 e6 16. Kb1 Qf6 17. Qe4 N7b6 18. Ne5 Bd6 19. c4 Nc3+ 20. bxc3 h6 21. Bh4 g5 22. hxg6 Qg7 23. Nxf7 Na4 24. Qxe6+ 1-0

[Event "74.Camp. Veneto Quarti di Finale"]
[Site "Correzzola (PD)"]
[Date "2014.05.09"]
[Round "1.3"]
[White "Rossi, Gianni"]
[Black "Cacco, Cristian"]
[Result "1/2-1/2"]
[WhiteElo "1806"]
[BlackElo "2342"]
[Annotator "Gabriele Ballarin"]
[PlyCount "50"]
[EventDate "2014.05.09"]
[EventType "swiss"]
[EventRounds "5"]
[EventCountry "ITA"]

1. d4 g6 2. e4 Bg7 3. Nc3 d6 4. Be3 a6 5. Qd2 Nf6 6. f3 O-O 7. O-O-O b5 8. Kb1 c6 9. Bh6 Kh8 10. h4 Ng8 11. Bxg7+ Kxg7 12. h5 Qa5 13. hxg6 fxg6 14. Nh3 Ra7 15. Qg5 h6 16. Qg3 Be6 17. Nf4 Rxf4 18. Qxf4 Bf7 19. d5 Rc7 20. e5 g5 21. Qg3 b4 22. exd6 exd6 23. Ne4 Bxd5 24. b3 Bxe4 25. fxe4 Qe5 1/2-1/2